Hétfőn megkezdik a gyermekklinika építését [rövid hír]
Elmentve itt :
| Dokumentumtípus: | Cikk |
|---|---|
| Megjelent: |
1926-07-08
|
| Sorozat: | Délmagyarország
2 No. 155 |
| Kulcsszavak: | Egyetemi építkezés, gyermekklinika |
| Online Access: | http://dmarchiv.bibl.u-szeged.hu/31168 |
| LEADER | 00458nab a2200145 i 4500 | ||
|---|---|---|---|
| 001 | delm31168 | ||
| 005 | 20180927102630.0 | ||
| 008 | 180927s1926 hu o 0|| hun d | ||
| 040 | |a SZTE Délmagyarország Archívum |b hun | ||
| 041 | |a hun | ||
| 245 | 0 | 0 | |a Hétfőn megkezdik a gyermekklinika építését |h [elektronikus dokumentum] : |b [rövid hír] |
| 260 | |c 1926-07-08 | ||
| 300 | |a 5 | ||
| 490 | 0 | |a Délmagyarország |v 2 No. 155 | |
| 695 | |a Egyetemi építkezés, gyermekklinika | ||